[Event "Dortmunder Schachtage-C 18th"]
[Site "Dortmund"]
[Date "1990.04.13"]
[Round "8"]
[White "Rigo, Janos"]
[Black "Buecker, Peter"]
[Result "1/2-1/2"]
[WhiteElo "2385"]
[BlackElo "2365"]
[PlyCount "82"]
[EventDate "1990.04.05"]
[EventType "tourn"]
[EventRounds "11"]
[EventCountry "GER"]
[EventCategory "5"]
[SourceTitle "EXT 1997"]
[Source "ChessBase"]
[SourceDate "1996.11.15"]
[SourceVersion "1"]
[SourceVersionDate "1996.11.15"]
[SourceQuality "1"]

1. e4 c6 2. d4 d5 3. Nc3 dxe4 4. Nxe4 Nd7 5. Bc4 Ngf6 6. Ng5 e6 7. Ne2 h6 8. Nf3 Bd6 9. 0-0 Qc7 10. Re1 0-0 11. c3 b6 12. Ng3 Bb7 13. Qe2 c5 14. Ne5 cxd4 15. Nxd7 Qxd7 16. Bb5 Qd8 17. cxd4 Bxg3 18. hxg3 Qxd4 19. Bf4 Qd5 20. Qf1 Ng4 21. Be2 Qh5 22. Bxg4 Qxg4 23. Rac1 Rac8 24. f3 Qf5 25. Rxc8 Rxc8 26. Rc1 e5 27. Rxc8+ Qxc8 28. Be3 Qe6 29. a3 Qg6 30. Qe1 h5 31. Kh2 Qd3 32. Qd2 Qxd2 33. Bxd2 f6 34. Kg1 g5 35. Kf2 Kf7 36. Ke3 Ke6 37. Bb4 g4 38. Bc3 f5 39. Be1 Kf6 40. Bc3 Ke6 41. Be1 Bc6 1/2-1/2

[Event "Bundesliga 8990"]
[Site "Germany"]
[Date "1990.??.??"]
[Round "?.6"]
[White "Buecker, Peter"]
[Black "Reeh, Oliver"]
[Result "1/2-1/2"]
[WhiteElo "2365"]
[BlackElo "2425"]
[PlyCount "88"]
[EventDate "1989.10.??"]
[EventType "team-tourn"]
[EventRounds "15"]
[EventCountry "GER"]
[SourceTitle "GER-chT"]
[Source "ChessBase"]
[SourceDate "1999.07.01"]
[SourceVersion "1"]
[SourceVersionDate "1999.07.01"]
[SourceQuality "1"]
[WhiteTeam "Dortmund"]
[BlackTeam "Solingen"]
[WhiteTeamCountry "GER"]
[BlackTeamCountry "GER"]

1. e4 d6 2. d4 g6 3. Nc3 Bg7 4. Bc4 Nc6 5. d5 Ne5 6. Be2 Nf6 7. f4 Ned7 8. Nf3 0-0 9. 0-0 c6 10. Be3 Nb6 11. a4 Bg4 12. a5 Bxf3 13. Rxf3 Nbd7 14. Rf1 a6 15. Bf3 Qc7 16. dxc6 bxc6 17. Na4 Rab8 18. Nb6 Nxb6 19. axb6 Qb7 20. Qd3 Ra8 21. e5 dxe5 22. fxe5 Nd5 23. Bxd5 cxd5 24. Bd4 Rfc8 25. c3 Rc6 26. Ra2 e6 27. Rfa1 Rxb6 28. Bxb6 Qxb6+ 29. Qd4 Qc7 30. Re1 Rb8 31. b4 Rb6 32. Rf2 Rc6 33. Rf3 Rc4 34. Qf2 Rxc3 35. Rxc3 Qxc3 36. Qe3 Qxb4 37. Rc1 h5 38. h3 Qb2 39. Rc8+ Kh7 40. Rc7 Qa1+ 41. Kf2 Qb2+ 42. Kf3 d4 43. Qf4 d3 44. Rxf7 Qe2+ 1/2-1/2

[Event "Noviki-C"]
[Site "Budapest"]
[Date "1989.??.??"]
[Round "?"]
[White "Buecker, Peter"]
[Black "Eperjesi, Laszlo"]
[Result "1/2-1/2"]
[WhiteElo "2320"]
[BlackElo "2375"]
[PlyCount "36"]
[EventDate "1989.??.??"]
[EventType "tourn"]
[EventRounds "9"]
[EventCountry "HUN"]
[EventCategory "4"]
[SourceTitle "TD"]
[Source "ChessBase"]
[SourceDate "1994.03.01"]
[SourceVersion "1"]
[SourceVersionDate "1994.03.01"]
[SourceQuality "1"]

1. e4 c6 2. d4 d5 3. exd5 cxd5 4. c4 Nf6 5. Nc3 e6 6. c5 Be7 7. Nf3 0-0 8. b4 Ne4 9. Qc2 f5 10. Rb1 g5 11. h3 Bf6 12. b5 a6 13. a4 axb5 14. axb5 Qe7 15. Bd3 Qg7 16. Ne2 Bd7 17. Bb2 Be8 18. 0-0 Nd7 1/2-1/2

[Event "BL2-West 8889"]
[Site "Germany"]
[Date "1989.??.??"]
[Round "?.4"]
[White "Buecker, Peter"]
[Black "Groenegress, Wilfried"]
[Result "1-0"]
[WhiteElo "2320"]
[BlackElo "2205"]
[PlyCount "105"]
[EventDate "1988.10.??"]
[EventType "team-tourn"]
[EventRounds "9"]
[EventCountry "GER"]
[SourceTitle "GER-chT2"]
[Source "ChessBase"]
[SourceDate "1999.07.01"]
[SourceVersion "1"]
[SourceVersionDate "1999.07.01"]
[SourceQuality "1"]
[WhiteTeam "Dortmund Brackel"]
[BlackTeam "Enger Spenge"]
[WhiteTeamCountry "GER"]
[BlackTeamCountry "GER"]

1. e4 c5 2. c3 d5 3. exd5 Qxd5 4. d4 cxd4 5. cxd4 e5 6. Nf3 exd4 7. Qxd4 Qxd4 8. Nxd4 a6 9. Nc3 Nf6 10. Bg5 Be7 11. Be2 0-0 12. 0-0-0 Nd5 13. Bxe7 Nxe7 14. Bf3 Ra7 15. a4 b6 16. Rhe1 Rc7 17. Rd2 Bb7 18. Bxb7 Rxb7 19. Red1 g6 20. Nc2 Nbc6 21. Ne3 Kg7 22. Nc4 Rbb8 23. Nd6 Nc8 24. Nce4 N8e7 25. Rc2 h6 26. f4 f5 27. Nc3 Rfd8 28. Rcd2 Kf8 29. b3 Rd7 30. Nc4 Rxd2 31. Rxd2 b5 32. axb5 axb5 33. Nd6 b4 34. Na4 Rd8 35. Nc5 Kg8 36. Ne6 Rd7 37. Nxf5 Rxd2 38. Nxe7+ Nxe7 39. Kxd2 Kf7 40. Nd4 Nd5 41. g3 g5 42. fxg5 hxg5 43. Kd3 Kf6 44. Kc4 Ne3+ 45. Kxb4 Nf1 46. Kc5 Nxh2 47. b4 Ng4 48. b5 Ne5 49. Kd5 Nd7 50. g4 Nb6+ 51. Kc6 Nc4 52. b6 Ke5 53. Nf5 1-0

[Event "Dortmund-C"]
[Site "Dortmund"]
[Date "1989.??.??"]
[Round "?"]
[White "Buecker, Peter"]
[Black "Jovic, Ljubomir"]
[Result "1-0"]
[WhiteElo "2320"]
[BlackElo "2380"]
[PlyCount "77"]
[EventDate "1989.03.??"]
[EventType "tourn"]
[EventRounds "11"]
[EventCountry "GER"]
[SourceTitle "TD"]
[Source "ChessBase"]
[SourceDate "1994.03.01"]
[SourceVersion "1"]
[SourceVersionDate "1994.03.01"]
[SourceQuality "1"]

1. e4 c5 2. c3 g6 3. d4 Bg7 4. dxc5 Qc7 5. Be3 Nf6 6. f3 0-0 7. Na3 Na6 8. Nb5 Qb8 9. Ne2 b6 10. cxb6 axb6 11. c4 Nc5 12. Nec3 d6 13. Be2 Be6 14. 0-0 Rc8 15. Rc1 Bd7 16. Nd4 e5 17. Ndb5 Bxb5 18. cxb5 Ne6 19. b3 Nd4 20. Bc4 Nh5 21. a4 Nf4 22. Bxf4 exf4 23. Nd5 Re8 24. Nxf4 Qd8 25. Nd5 Kh8 26. Rc3 Ne6 27. Rd3 f5 28. exf5 gxf5 29. f4 Nc5 30. Rh3 h6 31. Qh5 Rf8 32. Qg6 Ra7 33. Rff3 Ne4 34. Rxh6+ Bxh6 35. Rh3 Rh7 36. Rxh6 Rff7 37. Nf6 Nxf6 38. Bxf7 Qe7 39. Rxh7+ 1-0

[Event "Muenster Elo"]
[Site "Muenster"]
[Date "1989.??.??"]
[Round "3"]
[White "Buecker, Peter"]
[Black "Kamp, Christoph"]
[Result "1/2-1/2"]
[WhiteElo "2360"]
[BlackElo "2235"]
[PlyCount "63"]
[EventDate "1989.??.??"]
[EventType "tourn"]
[EventRounds "7"]
[EventCountry "GER"]
[SourceTitle "EXT 1997"]
[Source "ChessBase"]
[SourceDate "1996.11.15"]
[SourceVersion "1"]
[SourceVersionDate "1996.11.15"]
[SourceQuality "1"]

1. e4 e6 2. d4 d5 3. e5 c5 4. c3 Nc6 5. Nf3 Qb6 6. Be2 Nh6 7. Bxh6 gxh6 8. Qd2 Bg7 9. 0-0 Bd7 10. Na3 0-0 11. Nc2 cxd4 12. cxd4 f6 13. exf6 Rxf6 14. b4 Raf8 15. b5 Ne7 16. Ne5 Be8 17. a4 Qd6 18. f4 Bg6 19. Rac1 Be4 20. g3 Rc8 21. Bd3 Bxd3 22. Qxd3 Rff8 23. Ne3 Qb4 24. Rb1 Qc3 25. Rb3 Qxd3 26. Rxd3 Rc7 27. Rb3 b6 28. a5 bxa5 29. Ra1 Rb8 30. Rxa5 Bxe5 31. dxe5 h5 32. Ra4 1/2-1/2

[Event "Muenster op"]
[Site "Muenster"]
[Date "1989.??.??"]
[Round "6"]
[White "Buecker, Peter"]
[Black "Naumkin, Igor"]
[Result "0-1"]
[WhiteElo "2320"]
[BlackElo "2435"]
[PlyCount "80"]
[EventDate "1989.??.??"]
[EventType "swiss"]
[EventRounds "9"]
[EventCountry "GER"]
[SourceTitle "EXT 1997"]
[Source "ChessBase"]
[SourceDate "1996.11.15"]
[SourceVersion "1"]
[SourceVersionDate "1996.11.15"]
[SourceQuality "1"]

1. e4 e6 2. d4 d5 3. e5 c5 4. c3 Nc6 5. Nf3 Bd7 6. Be2 f6 7. 0-0 fxe5 8. Nxe5 Nxe5 9. dxe5 Qc7 10. c4 Qxe5 11. cxd5 Bd6 12. g3 Qxd5 13. Bf3 Qxd1 14. Rxd1 Be5 15. Na3 0-0-0 16. Nc4 Bc7 17. Be3 b6 18. a4 Ne7 19. a5 Bc6 20. Bg4 Nf5 21. Bxf5 exf5 22. b4 Rxd1+ 23. Rxd1 cxb4 24. axb6 axb6 25. Nxb6+ Kb7 26. Rb1 Rd8 27. Nc4 Ka6 28. Bd2 Rd4 29. Rxb4 Bd5 30. Ra4+ Kb5 31. Rb4+ Kc5 32. Be3 Kxb4 33. Bxd4 Kxc4 34. Bxg7 Kd3 35. Bh6 Bb6 36. Kf1 Bf3 37. Bg5 Bg4 38. Kg2 Ke2 39. f4 Bf3+ 40. Kh3 Kf2 0-1

[Event "Eger op"]
[Site "Eger"]
[Date "1989.??.??"]
[Round "?"]
[White "Buecker, Peter"]
[Black "Nemeth, Zoltan"]
[Result "1-0"]
[WhiteElo "2360"]
[BlackElo "2345"]
[PlyCount "33"]
[EventDate "1989.??.??"]
[EventType "swiss"]
[EventRounds "9"]
[EventCountry "HUN"]
[SourceTitle "EXT 1998"]
[Source "ChessBase"]
[SourceDate "1997.11.17"]
[SourceVersion "1"]
[SourceVersionDate "1997.11.17"]
[SourceQuality "1"]

1. e4 c5 2. b3 e5 3. Bb2 d6 4. Bb5+ Bd7 5. Bxd7+ Qxd7 6. f4 Nc6 7. Nf3 exf4 8. 0-0 Nge7 9. d4 Ng6 10. Nc3 0-0-0 11. Qd2 f5 12. d5 Nce5 13. Ng5 fxe4 14. Ncxe4 Qf5 15. Rae1 Be7 16. Ne6 Rdf8 17. Qa5 1-0

[Event "Noviki-C"]
[Site "Budapest"]
[Date "1989.??.??"]
[Round "?"]
[White "Buecker, Peter"]
[Black "Pirisi, Gabor"]
[Result "1/2-1/2"]
[WhiteElo "2320"]
[BlackElo "2390"]
[PlyCount "157"]
[EventDate "1989.??.??"]
[EventType "tourn"]
[EventRounds "9"]
[EventCountry "HUN"]
[EventCategory "4"]
[SourceTitle "TD"]
[Source "ChessBase"]
[SourceDate "1994.03.01"]
[SourceVersion "1"]
[SourceVersionDate "1994.03.01"]
[SourceQuality "1"]

1. e4 c5 2. b3 b6 3. c4 Nc6 4. Bb2 d6 5. g3 e5 6. Nc3 g6 7. Bg2 Bg7 8. Nd5 Nge7 9. d3 Nd4 10. Ne2 Bg4 11. Bxd4 cxd4 12. 0-0 0-0 13. Nxe7+ Qxe7 14. f3 Bd7 15. Qd2 Rae8 16. Rfe1 h5 17. a4 Kh7 18. a5 b5 19. a6 Rb8 20. f4 Rb6 21. Rf1 Rfb8 22. Ra2 Bh6 23. Bf3 Bh3 24. Bg2 Bc8 25. Qc2 bxc4 26. bxc4 Rxa6 27. Rxa6 Bxa6 28. Bh3 Bc8 29. Bxc8 Rxc8 30. Qb3 Rc7 31. Kg2 Rb7 32. Qa3 Qd8 33. c5 d5 34. fxe5 dxe4 35. c6 Rc7 36. Qd6 Qxd6 37. exd6 Rxc6 38. dxe4 Rxd6 39. Rxf7+ Kg8 40. Rxa7 d3 41. Nc3 Rc6 42. Nd1 Rc1 43. Nf2 d2 44. Ra8+ Kf7 45. Ra7+ Ke8 46. Ra8+ Kd7 47. Ra7+ Kc8 48. Ra3 Re1 49. Kf3 g5 50. g4 hxg4+ 51. Kg2 g3 52. hxg3 d1Q 53. Nxd1 Rxd1 54. Ra6 Rd2+ 55. Kh3 Rd1 56. Kg2 Bg7 57. Rg6 Rd7 58. Rxg5 Re7 59. Kf3 Kd7 60. Rf5 Ke6 61. Rb5 Be5 62. Rb6+ Bd6 63. e5 Kxe5 64. Rb3 Rf7+ 65. Ke2 Bc5 66. Rf3 Ra7 67. Rc3 Bd4 68. Rc2 Ke4 69. g4 Rh7 70. g5 Rh2+ 71. Kd1 Rh1+ 72. Ke2 Rg1 73. g6 Rxg6 74. Rd2 Bc3 75. Rc2 Rg2+ 76. Kd1 Rg3 77. Ke2 Re3+ 78. Kf2 Bd4 79. Re2 1/2-1/2

[Event "Eger op"]
[Site "Eger"]
[Date "1989.??.??"]
[Round "?"]
[White "Buecker, Peter"]
[Black "Stajcic, Nikola"]
[Result "0-1"]
[WhiteElo "2360"]
[BlackElo "2270"]
[PlyCount "112"]
[EventDate "1989.??.??"]
[EventType "swiss"]
[EventRounds "9"]
[EventCountry "HUN"]
[SourceTitle "EXT 1998"]
[Source "ChessBase"]
[SourceDate "1997.11.17"]
[SourceVersion "1"]
[SourceVersionDate "1997.11.17"]
[SourceQuality "1"]

1. d4 d5 2. Nf3 e6 3. c4 Nf6 4. g3 Be7 5. Bg2 0-0 6. 0-0 Nbd7 7. Nbd2 c6 8. Qc2 b6 9. e4 Bb7 10. e5 Ne8 11. b3 Rc8 12. Bb2 c5 13. dxc5 Nxc5 14. Rad1 b5 15. cxb5 Qa5 16. Nd4 Na4 17. Nc6 Bxc6 18. bxa4 Bd7 19. Qb3 a6 20. Nf3 axb5 21. axb5 Bxb5 22. Rc1 Bc4 23. Qe3 Nc7 24. Rfd1 Qxa2 25. Bd4 Nb5 26. Ra1 Qb3 27. Qf4 Nc3 28. Bxc3 Qxc3 29. Re1 Qb4 30. Rab1 Qa5 31. Rb7 Qa3 32. h4 h6 33. Rd1 Be2 34. Rdb1 Rc4 35. Nd4 Qd3 36. Nxe2 Rxf4 37. Nxf4 Qc2 38. R7b2 Qc3 39. Rb7 Bc5 40. R7b3 Qxe5 41. Nd3 Qd6 42. Kh2 Bd4 43. Rb4 Bf6 44. Rb6 Qc7 45. Bf3 Bxh4 46. Kg2 Bf6 47. Rb7 Qc4 48. Nf4 Be5 49. R7b4 Qc2 50. Ne2 Rd8 51. Rc1 Qd2 52. Rb5 Bf6 53. Rc7 d4 54. Rbb7 d3 55. Nf4 Bd4 56. Nh3 Qe1 0-1

[Event "Noviki-C"]
[Site "Budapest"]
[Date "1989.??.??"]
[Round "?"]
[White "Buecker, Peter"]
[Black "Van de Oudeweetering, Arthur"]
[Result "0-1"]
[WhiteElo "2320"]
[BlackElo "2315"]
[PlyCount "40"]
[EventDate "1989.??.??"]
[EventType "tourn"]
[EventRounds "9"]
[EventCountry "HUN"]
[EventCategory "4"]
[SourceTitle "TD"]
[Source "ChessBase"]
[SourceDate "1994.03.01"]
[SourceVersion "1"]
[SourceVersionDate "1994.03.01"]
[SourceQuality "1"]

1. e4 e5 2. f4 d5 3. exd5 c6 4. Nc3 exf4 5. Nf3 Bd6 6. d4 Ne7 7. Bc4 cxd5 8. Bxd5 Nbc6 9. 0-0 0-0 10. Bxc6 bxc6 11. Ng5 Ng6 12. Nge4 Bc7 13. Ne2 Bg4 14. N4c3 Qh4 15. Rf2 Rad8 16. Qd3 Ne5 17. Qa6 Bxe2 18. Rxe2 f3 19. dxe5 fxe2 20. Qxe2 Rfe8 0-1

[Event "Dortmund-C"]
[Site "Dortmund"]
[Date "1989.??.??"]
[Round "?"]
[White "Keitlinghaus, Ludger"]
[Black "Buecker, Peter"]
[Result "0-1"]
[WhiteElo "2410"]
[BlackElo "2320"]
[PlyCount "87"]
[EventDate "1989.03.??"]
[EventType "tourn"]
[EventRounds "11"]
[EventCountry "GER"]
[SourceTitle "TD"]
[Source "ChessBase"]
[SourceDate "1994.03.01"]
[SourceVersion "1"]
[SourceVersionDate "1994.03.01"]
[SourceQuality "1"]

1. c4 e6 2. Nf3 d5 3. g3 Nf6 4. Bg2 Be7 5. 0-0 0-0 6. d4 Nbd7 7. Nc3 c6 8. Qd3 b6 9. e4 Ba6 10. b3 b5 11. cxd5 Qa5 12. d6 b4 13. Qc2 Bxf1 14. dxe7 Rfe8 15. Bxf1 bxc3 16. Bg5 h6 17. Bxf6 Nxf6 18. Ne5 c5 19. Nc4 Qc7 20. d5 exd5 21. exd5 Nxd5 22. Bg2 Nb4 23. Qxc3 Rab8 24. a3 Nc6 25. Bxc6 Qxc6 26. Ne3 Qe6 27. Qxc5 Qxe7 28. Qc3 Rec8 29. Qb2 Qe6 30. b4 Rc7 31. Rd1 Rd7 32. Rxd7 Qxd7 33. Qe5 Re8 34. Qc5 Rc8 35. Qe5 Qe6 36. Qf4 Re8 37. Qd4 a6 38. a4 Qe4 39. Qd7 Qb1+ 40. Kg2 Qe4+ 41. Kg1 Rb8 42. Nd5 Qe1+ 43. Kg2 Qe6 44. Ne7+ 0-1

[Event "Biel MTO op"]
[Site "Biel"]
[Date "1989.??.??"]
[Round "6"]
[White "Marinkovic, Ivan"]
[Black "Buecker, Peter"]
[Result "1-0"]
[WhiteElo "2420"]
[BlackElo "2360"]
[PlyCount "119"]
[EventDate "1989.07.??"]
[EventType "swiss"]
[EventRounds "11"]
[EventCountry "SUI"]
[SourceTitle "EXT 1997"]
[Source "ChessBase"]
[SourceDate "1996.11.15"]
[SourceVersion "1"]
[SourceVersionDate "1996.11.15"]
[SourceQuality "1"]

1. e4 c6 2. Nc3 d5 3. Nf3 Bg4 4. h3 Bxf3 5. Qxf3 e6 6. d3 Nf6 7. a3 Be7 8. g4 0-0 9. Bg2 Nfd7 10. Qg3 Bh4 11. Qh2 d4 12. Ne2 e5 13. 0-0 c5 14. f4 Nc6 15. g5 f6 16. gxf6 Qxf6 17. fxe5 Qxe5 18. Qxe5 Rxf1+ 19. Kxf1 Ndxe5 20. Bf4 Rf8 21. Kg1 Be7 22. Rf1 g6 23. Bc1 Rxf1+ 24. Kxf1 Kf7 25. Ng1 Ke6 26. Ke2 b6 27. Kd1 Bh4 28. Ne2 g5 29. b4 h6 30. bxc5 bxc5 31. Ng1 Bf2 32. Ne2 c4 33. Bf1 c3 34. a4 Nf3 35. Ba3 Bh4 36. Bc5 Ke5 37. Bf8 h5 38. Bg2 Ne1 39. Bg7+ Ke6 40. Bh1 Bf2 41. Nxc3 dxc3 42. Bxc3 Nd4 43. Bxe1 Bxe1 44. Kxe1 Nxc2+ 45. Kd2 Nd4 46. Ke3 Nc2+ 47. Kd2 Nd4 48. Kc3 Ke5 49. Kc4 a5 50. Kc5 g4 51. hxg4 hxg4 52. Kc4 g3 53. Bg2 Nc2 54. Kb5 Ne1 55. Bh1 g2 56. Bxg2 Nxg2 57. Kxa5 Nf4 58. Kb6 Nxd3 59. a5 Nb4 60. Kb5 1-0

[Event "Dortmund-C"]
[Site "Dortmund"]
[Date "1989.??.??"]
[Round "?"]
[White "Tatai, Stefano"]
[Black "Buecker, Peter"]
[Result "1/2-1/2"]
[WhiteElo "2395"]
[BlackElo "2320"]
[PlyCount "140"]
[EventDate "1989.03.??"]
[EventType "tourn"]
[EventRounds "11"]
[EventCountry "GER"]
[SourceTitle "TD"]
[Source "ChessBase"]
[SourceDate "1994.03.01"]
[SourceVersion "1"]
[SourceVersionDate "1994.03.01"]
[SourceQuality "1"]

1. e4 c6 2. d4 d5 3. Nd2 dxe4 4. Nxe4 Nd7 5. Ng5 Ndf6 6. N1f3 Nh6 7. Ne5 g6 8. Bc4 Nd5 9. Ngf3 Bg7 10. 0-0 0-0 11. h3 Nf5 12. Re1 Qc7 13. Bf1 b5 14. c3 a6 15. Nd3 Nd6 16. Nfe5 Nb7 17. Qf3 Bf5 18. a4 Bxd3 19. Bxd3 e6 20. h4 Nd6 21. h5 Rad8 22. hxg6 hxg6 23. Qh3 c5 24. Bg5 cxd4 25. cxd4 Qb6 26. Bxd8 Rxd8 27. Bxg6 Nf4 28. Qh7+ Kf8 29. Bc2 Qxd4 30. Nc6 Qd5 31. Be4 Nxe4 32. Qxe4 Qxe4 33. Rxe4 Rc8 34. axb5 axb5 35. Rxf4 Rxc6 36. Rb4 Rc5 37. Ra5 Rc1+ 38. Kh2 Rc2 39. Raxb5 Rxf2 40. Kg3 Rd2 41. Rb8+ Ke7 42. R8b7+ Kf8 43. b3 Bd4 44. Rc4 Kg7 45. b4 e5 46. b5 e4 47. Kf4 e3 48. Rxd4 Rxd4+ 49. Kxe3 Rg4 50. Kf3 Rb4 51. Rb8 Rb2 52. b6 Rb4 53. g3 Rb3+ 54. Kf4 Rb4+ 55. Ke5 Rb3 56. g4 Rb4 57. Kd5 Rxg4 58. Re8 Rb4 59. Kc5 Rb1 60. Re4 Kf6 61. Rb4 Rc1+ 62. Kd6 Rd1+ 63. Kc7 Rc1+ 64. Kd7 Rd1+ 65. Kc7 Rc1+ 66. Kb8 Ke5 67. b7 f5 68. Ka7 Rc7 69. Kb6 Rxb7+ 70. Kxb7 f4 1/2-1/2

[Event "Muenster Elo"]
[Site "Muenster"]
[Date "1988.??.??"]
[Round "8"]
[White "Buecker, Peter"]
[Black "Hoellmann, Ludger"]
[Result "1-0"]
[WhiteElo "2290"]
[BlackElo "2255"]
[PlyCount "87"]
[EventDate "1988.??.??"]
[EventType "tourn"]
[EventRounds "9"]
[EventCountry "GER"]
[EventCategory "1"]
[SourceTitle "EXT 1997"]
[Source "ChessBase"]
[SourceDate "1996.11.15"]
[SourceVersion "1"]
[SourceVersionDate "1996.11.15"]
[SourceQuality "1"]

1. e4 e5 2. f4 exf4 3. Nf3 Be7 4. Nc3 Bh4+ 5. Ke2 d6 6. d4 Bg4 7. Bxf4 Nc6 8. Qd3 Bg5 9. Bg3 Nf6 10. Kf2 Nh5 11. Nd5 Bh6 12. c3 0-0 13. Bh4 Qd7 14. h3 f5 15. hxg4 fxg4 16. Be2 gxf3 17. Bxf3 Nf4 18. Nxf4 Bxf4 19. Bg3 Bxg3+ 20. Kxg3 Rf6 21. e5 Rg6+ 22. Qxg6 hxg6 23. Bd5+ Kf8 24. Raf1+ Ke7 25. Rf7+ Kd8 26. Rh8+ Qe8 27. Rxe8+ Kxe8 28. exd6 cxd6 29. Rxb7 Nd8 30. Rxg7 Rb8 31. b3 Rb6 32. Rxg6 a5 33. a4 Ke7 34. Rg7+ Kf6 35. Rh7 Nc6 36. Rf7+ Kg6 37. Rc7 Nd8 38. Rd7 Rb8 39. Rxd6+ Kg5 40. Ra6 Rc8 41. c4 Rb8 42. c5 Rb4 43. Bc4 Nc6 44. Rxc6 1-0

[Event "BL2-West 8889"]
[Site "Germany"]
[Date "1988.??.??"]
[Round "?.5"]
[White "Buecker, Peter"]
[Black "Linnemann, Ralf"]
[Result "1-0"]
[WhiteElo "2320"]
[BlackElo "2260"]
[PlyCount "43"]
[EventDate "1988.10.??"]
[EventType "team-tourn"]
[EventRounds "9"]
[EventCountry "GER"]
[SourceTitle "GER-chT2"]
[Source "ChessBase"]
[SourceDate "1999.07.01"]
[SourceVersion "1"]
[SourceVersionDate "1999.07.01"]
[SourceQuality "1"]
[WhiteTeam "Dortmund Brackel"]
[BlackTeam "Godesberg"]
[WhiteTeamCountry "GER"]
[BlackTeamCountry "GER"]

1. e4 Nf6 2. e5 Nd5 3. d4 d6 4. c4 Nb6 5. f4 dxe5 6. fxe5 Nc6 7. Be3 Bf5 8. Nc3 e6 9. Nf3 Bg4 10. Qd2 Bb4 11. h3 Bf5 12. Bd3 Nxd4 13. Nxd4 Bxd3 14. c5 Nd7 15. Qxd3 Nxe5 16. Qe4 Qd5 17. Qxd5 exd5 18. 0-0-0 0-0-0 19. Nf5 Bxc3 20. bxc3 Nc4 21. Ne7+ Kb8 22. Bf4 1-0

[Event "Muenster Elo"]
[Site "Muenster"]
[Date "1988.??.??"]
[Round "4"]
[White "Buecker, Peter"]
[Black "Wiemer, Ralf"]
[Result "1/2-1/2"]
[WhiteElo "2290"]
[BlackElo "2285"]
[PlyCount "41"]
[EventDate "1988.??.??"]
[EventType "tourn"]
[EventRounds "9"]
[EventCountry "GER"]
[EventCategory "1"]
[SourceTitle "EXT 1997"]
[Source "ChessBase"]
[SourceDate "1996.11.15"]
[SourceVersion "1"]
[SourceVersionDate "1996.11.15"]
[SourceQuality "1"]

1. e4 Nf6 2. e5 Nd5 3. d4 d6 4. c4 Nb6 5. f4 dxe5 6. fxe5 Nc6 7. Be3 Bf5 8. Nc3 e6 9. Nf3 Bg4 10. Qd2 Bb4 11. Be2 Qd7 12. a3 Be7 13. 0-0 Na5 14. c5 Nbc4 15. Bxc4 Nxc4 16. Qe2 Nxe3 17. Qxe3 Bxf3 18. Rxf3 Rd8 19. Rd1 0-0 20. b4 f6 21. Rff1 1/2-1/2

[Event "BL2-West 8788"]
[Site "Germany"]
[Date "1987.??.??"]
[Round "?.2"]
[White "Buecker, Peter"]
[Black "King, Daniel J"]
[Result "0-1"]
[WhiteElo "2290"]
[BlackElo "2475"]
[PlyCount "68"]
[EventDate "1987.10.??"]
[EventType "team-tourn"]
[EventRounds "9"]
[EventCountry "GER"]
[SourceTitle "GER-chT2"]
[Source "ChessBase"]
[SourceDate "1999.07.01"]
[SourceVersion "1"]
[SourceVersionDate "1999.07.01"]
[SourceQuality "1"]
[WhiteTeam "Nordwalde"]
[BlackTeam "Wuppertal"]
[WhiteTeamCountry "GER"]
[BlackTeamCountry "GER"]

1. e4 c5 2. c3 d5 3. exd5 Qxd5 4. d4 Nf6 5. Nf3 e6 6. Bd3 Be7 7. 0-0 0-0 8. Be3 cxd4 9. cxd4 Nc6 10. Nc3 Qd6 11. Rc1 Nb4 12. Bb1 b6 13. Re1 Bb7 14. Ne5 Rac8 15. Bf4 Qd8 16. Bg5 Nc6 17. Qd3 g6 18. Rcd1 Nd5 19. Bxe7 Ncxe7 20. Ne4 Nf5 21. Qd2 f6 22. Nf3 Kg7 23. Rc1 Qd7 24. a3 Rxc1 25. Rxc1 Rf7 26. Re1 Re7 27. h4 h5 28. Ba2 Qc7 29. g3 Qd8 30. Bb1 Rd7 31. Qc2 Nde7 32. Ba2 Nc6 33. Rd1 Ncxd4 34. Nxd4 Nxd4 0-1